Advising undecided students through research writing (Record no. 62007)
[ view plain ]
| 000 -CABECERA | |
|---|---|
| campo de control de longitud fija | 00613nam a2200205 a 4500 |
| 005 - FECHA Y HORA DE LA ÚLTIMA TRANSACCIÓN | |
| campo de control | 20210219152842.0 |
| 008 - ELEMENTOS DE LONGITUD FIJA--INFORMACIÓN GENERAL | |
| campo de control de longitud fija | 991125n 000 0 eng u |
| 035 ## - NÚMERO DE CONTROL DEL SISTEMA | |
| Número de control de sistema | UPN01000063152 |
| 100 ## - ASIENTO PRINCIPAL--NOMBRE PERSONAL | |
| Nombre de persona | Horning, Alice C. |
| 222 ## - TÍTULO CLAVE | |
| Título clave | COLLEGE COMPOSITION AND COMMUNICATION |
| 245 ## - MENCIÓN DE TÍTULO | |
| Título | Advising undecided students through research writing |
| 300 ## - DESCRIPCIÓN FÍSICA | |
| Extensión | 80-84 |
| 362 ## - FECHAS DE PUBLICACIÓN Y/O DESIGNACIÓN SECUENCIAL | |
| Fecha de publicación y/o designación secuencial | 1991 42, no. 1 |
| 653 0# - TERMINO DE INDIZACION - NO CONTROLADO | |
| Término no controlado | DOCUMENTOS DE INVESTIGACION (ESTUDIANTES) |
| 653 0# - TERMINO DE INDIZACION - NO CONTROLADO | |
| Término no controlado | ESCRITURA (COMPOSICION) |
| 653 0# - TERMINO DE INDIZACION - NO CONTROLADO | |
| Término no controlado | EXPLORACION PROFESIONAL |
| 653 0# - TERMINO DE INDIZACION - NO CONTROLADO | |
| Término no controlado | INVESTIGACION DE ESTUDIANTES |
| 904 ## - ELEMENTOS DE DATOS D LOCAL, LDD (RLIN) | |
| a | AC |
| b | 000963 |
| 905 ## - TIPO DE MATERIAL | |
| Tipo de material | Articulo |
No items available.
